000
00270nam a22001097a 4500
082
_a
808.831
_b
DHI
_c
D
245
_a
The ugly duckling
260
_a
India
_b
Dhingra Publishing house
300
_a
p-24
_b
ill
526
_a
0
_b
0
_c
0
_d
808_831000000000000_DHI
942
_2
ddc
_c
BK
999
_c
550130
_d
550130